12 mwa ah 15 segohd (Frahsé altérnatif) - Statistiques

Statistiques générales
  • Ce quiz a été pris 9 fois
  • Le résultat moyen est 3 sur 12
Statistiques - réponses
Mwa % Correct
Févriiyé
63%
Mars
63%
Avril
50%
25%
Désahbr
13%
Jahviyé
13%
Juyih
13%
Juyiiyé
13%
Novahbr
13%
Octobr
13%
Oyt
13%
Séptahbr
13%
Aucun quiz correspondant
Distribution des résultats
% des personnes avec chaque résultat
Percentile par nombre de réponses
Votre historique - résultats
Vous n’avez pas pris ce quiz